000 00327nam a2200133Ia 4500
005 20251222154356.0
008 251222s9999||||xx |||||||||||||| ||spa||
020 _a980-207-46-7
082 _a869.75/V23/Ej.2
100 _a"Valleise Giliberto, MarĂ­a"
245 0 _aIntimidades de una mujer
250 _a2a.ed.
942 _cLIB
999 _c35094
_d35094